| 000 | 00478cam a2200181ua 4500 | ||
|---|---|---|---|
| 001 | 332 | ||
| 008 | 110329n ii |||gr||||Z||||||eng | ||
| 040 | _cMAIN | ||
| 082 | _a320.011 | ||
| 245 | 1 |
_aIntroduction to political science _cby Indrani Baruah |
|
| 250 | _a1st. | ||
| 260 |
_aGuwahati: _bPurbanchal prakashan,989. |
||
| 300 | _a115p:0cm. | ||
| 653 | _aPolitical science | ||
| 653 | _aIntroduction to Political science | ||
| 700 |
_aBaruah, Indrani., _eAuthor. |
||
| 942 | _cBK | ||
| 999 |
_c283 _d283 |
||